Countries with 2 C's in its Name - Statistics

General Stats
  • This quiz has been taken 41 times
  • The average score is 5 of 8
Answer Stats
Position of C Country % Correct
____C____C _______C __ ___ C____ Democratic Republic of the Congo
84%
____CC_ Morocco
78%
_______C __ ___ C____ Republic of the Congo
78%
C______ ____C__ _______C Central African Republic
68%
C__C___ Czechia
68%
C____ __C_ Costa Rica
51%
______C__ _______C Dominican Republic
41%
____C__ C___ Vatican City
11%
No matching quizzes found
Score Distribution
Percent of People with Each Score
Percentile by Number Answered
Your Score History
You have not taken this quiz